| 000 | 00605nam a22002177a 4500 | ||
|---|---|---|---|
| 003 | LK-CoMWRAF | ||
| 005 | 20231109105559.0 | ||
| 008 | 231022b2004 |||||||| |||| 00| 0 eng d | ||
| 020 | _a0072463317 | ||
| 040 |
_aLK-CoMWRAF _dLK-CoMWRAF _eLK-CoMWRAF |
||
| 041 | _aeng | ||
| 082 |
_a621.319 _bALE |
||
| 100 | _aAlexander, Charles K. | ||
| 245 | _aFundamentals of electric circuits | ||
| 250 | _a2nd ed. | ||
| 260 |
_aBoston : _bMcGraw-Hill Higher Education, _c2004 |
||
| 300 | _axxviii, 904, [117] p. : ill. ; 27 cm. | ||
| 650 | _aELECTRIC CIRCUITS | ||
| 700 | _aSadiku, Matthew N. O. | ||
| 942 | _cBK | ||
| 999 |
_c3971 _d3971 |
||